| 000 | 00682nam a2200181 i 4500 | ||
|---|---|---|---|
| 001 | 96620 | ||
| 003 | ES-MaACL | ||
| 005 | 20251009181745.0 | ||
| 007 | t| | ||
| 008 | 050629s1950 sp ||||1| spa d | ||
| 100 | 1 |
_aMaluenda, Jacinto Alonso. _975873 |
|
| 245 | 1 | 0 |
_aTropezón de la risa / _ccompuesto por Don Jacinto Alonso Maluenda; dedicado a Don Juan Alonso de Maluenda...Valencia, Sylvestre Esparza; [edición presentada por Antonio Pérez y Gómez]. |
| 260 |
_aValencia : _bSylvestre Esparza, _c1950. |
||
| 300 |
_a4 h., 104 p., 4 h. ; _c25 cm. |
||
| 700 | 0 |
_aPérez y Gómez, Antonio, _d1902-1976 _991216 |
|
| 852 |
_aES-MaACL _jD-7125 _bR.30206 |
||
| 999 |
_c96620 _d96620 |
||